[Event "178th Stay Safe Play From Home series"]
[Site "T#646379Emanuel Laske"]
[Date "2020.05.27"]
[Round "1"]
[White "Praveen prasad"]
[Black "NeatFox"]
[Result "1-0"]
[WhiteElo "2345"]
[BlackElo "1845"]
[Annotator "RC"]
[PlyCount "63"]
[EventDate "2020.05.27"]
[EventType "swiss (blitz)"]

1. e4 {[%emt 0:00:02]} c6 {[%emt 0:00:01]} 2. Nf3 {[%emt 0:00:01]} d5 {[%emt 0:00:00]} 3. exd5 {[%emt 0:00:00]} cxd5 {[%emt 0:00:00]} 4. d4 {[%emt 0:00:00]} e6 {[%emt 0:00:00]} 5. c3 {[%emt 0:00:00]} Nc6 {[%emt 0:00:00]} 6. Bb5 {[%emt 0:00:00]} Bd7 {[%emt 0:00:01]} 7. Bxc6 {[%emt 0:00:00]} Bxc6 {[%emt 0:00:01]} 8. O-O {[%emt 0:00:00]} Bd6 {[%emt 0:00:00]} 9. Re1 {[%emt 0:00:00]} Nf6 {[%emt 0:00:00]} 10. Ne5 {[%emt 0:00:01]} O-O {[%emt 0:00:01]} 11. Bg5 {[%emt 0:00:00]} Be7 {[%emt 0:00:02]} 12. Nd2 {[%emt 0:00:01]} Qc7 {[%emt 0:00:02]} 13. Ndf3 {[%emt 0:00:01]} Rac8 {[%emt 0:00:01]} 14. Bh4 {[%emt 0:00:01]} Bb5 {[%emt 0:00:02]} 15. a4 {[%emt 0:00:02]} Bc4 {[%emt 0:00:03]} 16. Rc1 {[%emt 0:00:02]} Ba6 {[%emt 0:00:04]} 17. Bg3 {[%emt 0:00:02]} Qd8 {[%emt 0:00:02]} 18. b4 {[%emt 0:00:02]} b6 {[%emt 0:00:01]} 19. b5 {[%emt 0:00:01]} Bb7 {[%emt 0:00:01]} 20. Nd2 {[%emt 0:00:01]} Bd6 {[%emt 0:00:01]} 21. Nb1 {[%emt 0:00:01]} Nd7 {[%emt 0:00:02]} 22. Nxf7 {[%emt 0:00:03]} Rxf7 {[%emt 0:00:04]} 23. Bxd6 {[%emt 0:00:00]} Nf6 {[%emt 0:00:06]} 24. Bg3 {[%emt 0:00:02]} Qd7 {[%emt 0:00:03]} 25. Nd2 {[%emt 0:00:01]} Rcf8 {[%emt 0:00:01]} 26. Nf3 {[%emt 0:00:00]} Nh5 {[%emt 0:00:01]} 27. Ne5 {[%emt 0:00:01]} Qe7 {[%emt 0:00:03]} 28. Qxh5 {[%emt 0:00:01]} Rf5 {[%emt 0:00:02]} 29. Qh4 {[%emt 0:00:00]} Qd6 {[%emt 0:00:02]} 30. Qg4 {[%emt 0:00:02]} Qa3 {[%emt 0:00:02]} 31. Qe2 {[%emt 0:00:01]} Qxc3 {[%emt 0:00:01]} 32. Rxc3 {[%emt 0:00:02] NeatFox gibt auf (Lag: Av=0.64s, max=0.9s)} 1-0

[Event "178th Stay Safe Play From Home series"]
[Site "T#646379Emanuel Laske"]
[Date "2020.05.27"]
[Round "1"]
[White "BrainThinker22"]
[Black "SecantFX"]
[Result "1-0"]
[WhiteElo "2235"]
[BlackElo "1889"]
[Annotator "NA"]
[PlyCount "67"]
[EventDate "2020.05.27"]
[EventType "swiss (blitz)"]

1. e4 {[%emt 0:00:01]} b6 {[%emt 0:00:02]} 2. Nc3 {[%emt 0:00:01]} Bb7 {[%emt 0:00:00]} 3. g3 {[%emt 0:00:00]} c6 {[%emt 0:00:00]} 4. Bg2 {[%emt 0:00:00]} e6 {[%emt 0:00:00]} 5. d3 {[%emt 0:00:00]} g6 {[%emt 0:00:00]} 6. Be3 {[%emt 0:00:00]} Bg7 {[%emt 0:00:00]} 7. Qd2 {[%emt 0:00:00]} Ne7 {[%emt 0:00:00]} 8. Bh6 {[%emt 0:00:01]} O-O {[%emt 0:00:00]} 9. h4 {[%emt 0:00:00]} Bxc3 {[%emt 0:00:01]} 10. Qxc3 {[%emt 0:00:02]} f6 {[%emt 0:00:00]} 11. h5 {[%emt 0:00:01]} Rf7 {[%emt 0:00:01]} 12. hxg6 {[%emt 0:00:01]} Nxg6 {[%emt 0:00:00]} 13. O-O-O {[%emt 0:00:01]} e5 {[%emt 0:00:01]} 14. f4 {[%emt 0:00:01]} d6 {[%emt 0:00:01]} 15. f5 {[%emt 0:00:01]} Ne7 {[%emt 0:00:01]} 16. Rh4 {[%emt 0:00:01]} Kh8 {[%emt 0:00:01]} 17. Rg4 {[%emt 0:00:01]} Ng8 {[%emt 0:00:02]} 18. Be3 {[%emt 0:00:03]} Qf8 {[%emt 0:00:02]} 19. Qd2 {[%emt 0:00:01]} Nd7 {[%emt 0:00:02]} 20. Ne2 {[%emt 0:00:01]} Rc8 {[%emt 0:00:01]} 21. Rh1 {[%emt 0:00:01]} Rc7 {[%emt 0:00:02]} 22. Ng1 {[%emt 0:00:01]} Nc5 {[%emt 0:00:01]} 23. Nf3 {[%emt 0:00:01]} Na4 {[%emt 0:00:01]} 24. Nh4 {[%emt 0:00:01]} Qe7 {[%emt 0:00:02]} 25. Ng6+ {[%emt 0:00:01]} Kg7 {[%emt 0:00:01]} 26. Nxe7+ {[%emt 0:00:01]} Kf8 {[%emt 0:00:02]} 27. Nxg8 {[%emt 0:00:01]} Rg7 {[%emt 0:00:01]} 28. Bh6 {[%emt 0:00:02]} Kxg8 {[%emt 0:00:03]} 29. Rxg7+ {[%emt 0:00:01]} Rxg7 {[%emt 0:00:00]} 30. Bxg7 {[%emt 0:00:00]} Kxg7 {[%emt 0:00:00]} 31. Qh6+ {[%emt 0:00:00]} Kf7 {[%emt 0:00:00]} 32. Qxh7+ {[%emt 0:00:00]} Ke8 {[%emt 0:00:00]} 33. Qxb7 {[%emt 0:00:00]} Nc5 {[%emt 0:00:03]} 34. Rh8# {[%emt 0:00:01] (Lag: Av=0.30s, max=0.6s)} 1-0

[Event "178th Stay Safe Play From Home series"]
[Site "T#646379Emanuel Laske"]
[Date "2020.05.27"]
[Round "1"]
[White "SoulofWolf"]
[Black "Grizzzly"]
[Result "1-0"]
[WhiteElo "2138"]
[BlackElo "1748"]
[Annotator "RC"]
[PlyCount "53"]
[EventDate "2020.05.27"]
[EventType "swiss (blitz)"]

1. c4 {[%emt 0:00:01]} e6 {[%emt 0:00:01]} 2. Nc3 {[%emt 0:00:00]} d5 {[%emt 0:00:00]} 3. d4 {[%emt 0:00:00]} Nf6 {[%emt 0:00:01]} 4. e3 {[%emt 0:00:01]} Nbd7 {[%emt 0:00:00]} 5. Nf3 {[%emt 0:00:01]} Bb4 {[%emt 0:00:01]} 6. Qb3 {[%emt 0:00:01]} c5 {[%emt 0:00:01]} 7. a3 {[%emt 0:00:01]} Bxc3+ {[%emt 0:00:01]} 8. Qxc3 {[%emt 0:00:01]} cxd4 {[%emt 0:00:00]} 9. exd4 {[%emt 0:00:01]} O-O {[%emt 0:00:01]} 10. c5 {[%emt 0:00:00]} Qc7 {[%emt 0:00:02]} 11. b4 {[%emt 0:00:01]} a5 {[%emt 0:00:01]} 12. Bb2 {[%emt 0:00:02]} axb4 {[%emt 0:00:01]} 13. axb4 {[%emt 0:00:00]} Rxa1+ {[%emt 0:00:01]} 14. Bxa1 {[%emt 0:00:00]} b6 {[%emt 0:00:01]} 15. Bd3 {[%emt 0:00:01]} Re8 {[%emt 0:00:04]} 16. O-O {[%emt 0:00:01]} e5 {[%emt 0:00:01]} 17. dxe5 {[%emt 0:00:02]} Nxe5 {[%emt 0:00:02]} 18. Nxe5 {[%emt 0:00:00]} bxc5 {[%emt 0:00:02]} 19. bxc5 {[%emt 0:00:01]} Ne4 {[%emt 0:00:04]} 20. Bxe4 {[%emt 0:00:01]} dxe4 {[%emt 0:00:01]} 21. Nd7 {[%emt 0:00:10]} f6 {[%emt 0:00:06]} 22. Nb6 {[%emt 0:00:01]} Bf5 {[%emt 0:00:06]} 23. Re1 {[%emt 0:00:01]} Qf4 {[%emt 0:00:05]} 24. Qe3 {[%emt 0:00:03]} Qc7 {[%emt 0:00:02]} 25. Nd5 {[%emt 0:00:02]} Qc6 {[%emt 0:00:02]} 26. Qb3 {[%emt 0:00:01]} Rc8 {[%emt 0:00:03]} 27. Ne7+ {[%emt 0:00:01] Grizzzly gibt auf (Lag: Av=0.33s, max=0.5s)} 1-0

[Event "178th Stay Safe Play From Home series"]
[Site "T#646379Emanuel Laske"]
[Date "2020.05.27"]
[Round "1"]
[White "The Next Contender"]
[Black "Eidgenosse"]
[Result "0-1"]
[WhiteElo "1888"]
[BlackElo "2404"]
[Annotator "RC"]
[PlyCount "70"]
[EventDate "2020.05.27"]
[EventType "swiss (blitz)"]

1. d4 {[%emt 0:00:01]} d6 {[%emt 0:00:01]} 2. c4 {[%emt 0:00:00]} Nd7 {[%emt 0:00:01]} 3. g3 {[%emt 0:00:01]} e5 {[%emt 0:00:00]} 4. Bg2 {[%emt 0:00:00]} Ngf6 {[%emt 0:00:00]} 5. dxe5 {[%emt 0:00:01]} dxe5 {[%emt 0:00:01]} 6. Nf3 {[%emt 0:00:01]} g6 {[%emt 0:00:01]} 7. O-O {[%emt 0:00:00]} Bg7 {[%emt 0:00:00]} 8. Nc3 {[%emt 0:00:01]} O-O {[%emt 0:00:00]} 9. Qc2 {[%emt 0:00:00]} c6 {[%emt 0:00:00]} 10. b3 {[%emt 0:00:00]} Qe7 {[%emt 0:00:00]} 11. Bb2 {[%emt 0:00:00]} Re8 {[%emt 0:00:00]} 12. e3 {[%emt 0:00:00]} e4 {[%emt 0:00:01]} 13. Nd2 {[%emt 0:00:01]} Nc5 {[%emt 0:00:01]} 14. Rfd1 {[%emt 0:00:02]} Bg4 {[%emt 0:00:01]} 15. Re1 {[%emt 0:00:02]} h5 {[%emt 0:00:01]} 16. h3 {[%emt 0:00:01]} Bf5 {[%emt 0:00:00]} 17. Red1 {[%emt 0:00:01]} Rad8 {[%emt 0:00:01]} 18. b4 {[%emt 0:00:02]} Nd3 {[%emt 0:00:01]} 19. Nf1 {[%emt 0:00:04]} Nxb2 {[%emt 0:00:04]} 20. Qxb2 {[%emt 0:00:01]} Qe6 {[%emt 0:00:01]} 21. Qb3 {[%emt 0:00:02]} Bxh3 {[%emt 0:00:01]} 22. Rac1 {[%emt 0:00:02]} Bxg2 {[%emt 0:00:02]} 23. Kxg2 {[%emt 0:00:00]} Qg4 {[%emt 0:00:01]} 24. Nh2 {[%emt 0:00:01]} Qf5 {[%emt 0:00:02]} 25. c5 {[%emt 0:00:03]} h4 {[%emt 0:00:01]} 26. Rf1 {[%emt 0:00:03]} h3+ {[%emt 0:00:02]} 27. Kg1 {[%emt 0:00:01]} Ng4 {[%emt 0:00:01]} 28. Qc4 {[%emt 0:00:03]} Nxh2 {[%emt 0:00:01]} 29. Kxh2 {[%emt 0:00:00]} Qf3 {[%emt 0:00:01]} 30. Rg1 {[%emt 0:00:01]} Rd2 {[%emt 0:00:04]} 31. Nd1 {[%emt 0:00:03]} Red8 {[%emt 0:00:03]} 32. Qf1 {[%emt 0:00:02]} g5 {[%emt 0:00:07]} 33. g4 {[%emt 0:00:06]} Be5+ {[%emt 0:00:01]} 34. Rg3 {[%emt 0:00:01]} Bxg3+ {[%emt 0:00:01]} 35. Kg1 {[%emt 0:00:03]} h2# {[%emt 0:00:01] (Lag: Av=0.46s, max=0.9s)} 0-1

[Event "178th Stay Safe Play From Home series"]
[Site "T#646379Emanuel Laske"]
[Date "2020.05.27"]
[Round "1"]
[White "Emresenar"]
[Black "Lamborghini"]
[Result "0-1"]
[WhiteElo "1747"]
[BlackElo "2209"]
[Annotator "RC"]
[PlyCount "52"]
[EventDate "2020.05.27"]
[EventType "swiss (blitz)"]

1. e4 {[%emt 0:00:01]} c5 {[%emt 0:00:01]} 2. Nf3 {[%emt 0:00:00]} d6 {[%emt 0:00:00]} 3. Nc3 {[%emt 0:00:00]} Nf6 {[%emt 0:00:01]} 4. Bc4 {[%emt 0:00:01]} e6 {[%emt 0:00:01]} 5. O-O {[%emt 0:00:01]} Be7 {[%emt 0:00:01]} 6. Re1 {[%emt 0:00:00]} O-O {[%emt 0:00:01]} 7. d4 {[%emt 0:00:00]} cxd4 {[%emt 0:00:01]} 8. Nxd4 {[%emt 0:00:00]} Qc7 {[%emt 0:00:01]} 9. Be3 {[%emt 0:00:02]} Qxc4 {[%emt 0:00:01]} 10. f3 {[%emt 0:00:04]} a6 {[%emt 0:00:01]} 11. Nb3 {[%emt 0:00:03]} Qc7 {[%emt 0:00:02]} 12. Qe2 {[%emt 0:00:01]} Nbd7 {[%emt 0:00:01]} 13. Rad1 {[%emt 0:00:01]} b5 {[%emt 0:00:01]} 14. Bf4 {[%emt 0:00:00]} Bb7 {[%emt 0:00:02]} 15. e5 {[%emt 0:00:01]} Nxe5 {[%emt 0:00:02]} 16. Nd4 {[%emt 0:00:03]} Rac8 {[%emt 0:00:02]} 17. Ndxb5 {[%emt 0:00:01]} axb5 {[%emt 0:00:01]} 18. Nxb5 {[%emt 0:00:00]} Qb6+ {[%emt 0:00:01]} 19. Nd4 {[%emt 0:00:02]} Ba6 {[%emt 0:00:03]} 20. Qf2 {[%emt 0:00:02]} Ng6 {[%emt 0:00:01]} 21. Be3 {[%emt 0:00:01]} Qxb2 {[%emt 0:00:01]} 22. Rb1 {[%emt 0:00:04]} Qa3 {[%emt 0:00:01]} 23. Rb3 {[%emt 0:00:02]} Qa5 {[%emt 0:00:02]} 24. Bd2 {[%emt 0:00:02]} Qc7 {[%emt 0:00:02]} 25. Reb1 {[%emt 0:00:03]} Nd5 {[%emt 0:00:01]} 26. Rb6 {[%emt 0:00:04]} Nxb6 {[%emt 0:00:02] Emresenar terk eder (Lag: Av=0.57s, max=0.7s)} 0-1

[Event "178th Stay Safe Play From Home series"]
[Site "T#646379Emanuel Laske"]
[Date "2020.05.27"]
[Round "1"]
[White "Haris kollari 13"]
[Black "Weltszmerc"]
[Result "1-0"]
[WhiteElo "1593"]
[BlackElo "2100"]
[Annotator "NA"]
[PlyCount "71"]
[EventDate "2020.05.27"]
[EventType "swiss (blitz)"]

1. e4 {[%emt 0:00:01]} Nf6 {[%emt 0:00:00]} 2. e5 {[%emt 0:00:01]} Nd5 {[%emt 0:00:01]} 3. c4 {[%emt 0:00:01]} Nb6 {[%emt 0:00:00]} 4. d4 {[%emt 0:00:01]} d6 {[%emt 0:00:01]} 5. f4 {[%emt 0:00:00]} dxe5 {[%emt 0:00:01]} 6. fxe5 {[%emt 0:00:01]} Bf5 {[%emt 0:00:00]} 7. Nf3 {[%emt 0:00:01]} e6 {[%emt 0:00:00]} 8. Nc3 {[%emt 0:00:01]} Be7 {[%emt 0:00:00]} 9. Bd3 {[%emt 0:00:01]} Bxd3 {[%emt 0:00:02]} 10. Qxd3 {[%emt 0:00:02]} O-O {[%emt 0:00:00]} 11. Be3 {[%emt 0:00:01]} f6 {[%emt 0:00:03]} 12. O-O {[%emt 0:00:03]} c5 {[%emt 0:00:01]} 13. exf6 {[%emt 0:00:05]} Bxf6 {[%emt 0:00:02]} 14. d5 {[%emt 0:00:02]} Bxc3 {[%emt 0:00:05]} 15. Qxc3 {[%emt 0:00:04]} exd5 {[%emt 0:00:02]} 16. Bxc5 {[%emt 0:00:01]} Rf5 {[%emt 0:00:07]} 17. Rad1 {[%emt 0:00:02]} N8d7 {[%emt 0:00:06]} 18. Bxb6 {[%emt 0:00:04]} Qxb6+ {[%emt 0:00:02]} 19. c5 {[%emt 0:00:03]} Qxc5+ {[%emt 0:00:02]} 20. Qxc5 {[%emt 0:00:02]} Nxc5 {[%emt 0:00:00]} 21. Rc1 {[%emt 0:00:01]} b6 {[%emt 0:00:06]} 22. a3 {[%emt 0:00:01]} Raf8 {[%emt 0:00:02]} 23. b4 {[%emt 0:00:01]} Ne4 {[%emt 0:00:01]} 24. Rc7 {[%emt 0:00:01]} R5f7 {[%emt 0:00:02]} 25. Rfc1 {[%emt 0:00:02]} h6 {[%emt 0:00:04]} 26. Ne5 {[%emt 0:00:01]} Rxc7 {[%emt 0:00:02]} 27. Rxc7 {[%emt 0:00:01]} Nd2 {[%emt 0:00:01]} 28. h3 {[%emt 0:00:01]} a5 {[%emt 0:00:01]} 29. bxa5 {[%emt 0:00:02]} bxa5 {[%emt 0:00:00]} 30. Rc5 {[%emt 0:00:00]} Re8 {[%emt 0:00:01]} 31. Rxd5 {[%emt 0:00:01]} Ne4 {[%emt 0:00:01]} 32. Rxa5 {[%emt 0:00:01]} Nc3 {[%emt 0:00:02]} 33. Nf3 {[%emt 0:00:00]} Ne2+ {[%emt 0:00:01]} 34. Kf2 {[%emt 0:00:01]} Nf4 {[%emt 0:00:00]} 35. a4 {[%emt 0:00:01]} g5 {[%emt 0:00:00]} 36. Kg3 {[%emt 0:00:01] Czas partii} 1-0

[Event "178th Stay Safe Play From Home series"]
[Site "T#646379Emanuel Laske"]
[Date "2020.05.27"]
[Round "2"]
[White "Eidgenosse"]
[Black "Praveen prasad"]
[Result "1-0"]
[WhiteElo "2405"]
[BlackElo "2346"]
[Annotator "RC"]
[PlyCount "51"]
[EventDate "2020.05.27"]
[EventType "swiss (blitz)"]

1. Nf3 {[%emt 0:00:01]} d5 {[%emt 0:00:01]} 2. g3 {[%emt 0:00:01]} Bg4 {[%emt 0:00:01]} 3. Bg2 {[%emt 0:00:00]} Bxf3 {[%emt 0:00:01]} 4. Bxf3 {[%emt 0:00:01]} e5 {[%emt 0:00:01]} 5. c4 {[%emt 0:00:01]} e4 {[%emt 0:00:02]} 6. Bg2 {[%emt 0:00:01]} c6 {[%emt 0:00:01]} 7. d3 {[%emt 0:00:00]} exd3 {[%emt 0:00:01]} 8. Qxd3 {[%emt 0:00:01]} Bb4+ {[%emt 0:00:01]} 9. Nc3 {[%emt 0:00:01]} Bxc3+ {[%emt 0:00:01]} 10. Qxc3 {[%emt 0:00:01]} d4 {[%emt 0:00:01]} 11. Qa3 {[%emt 0:00:02]} Qe7 {[%emt 0:00:02]} 12. Qxe7+ {[%emt 0:00:03]} Nxe7 {[%emt 0:00:00]} 13. b3 {[%emt 0:00:02]} Nd7 {[%emt 0:00:00]} 14. Ba3 {[%emt 0:00:01]} Rb8 {[%emt 0:00:03]} 15. O-O-O {[%emt 0:00:01]} c5 {[%emt 0:00:01]} 16. e3 {[%emt 0:00:01]} Nc6 {[%emt 0:00:01]} 17. Bxc6 {[%emt 0:00:02]} bxc6 {[%emt 0:00:01]} 18. exd4 {[%emt 0:00:00]} O-O {[%emt 0:00:01]} 19. Bxc5 {[%emt 0:00:02]} Rfc8 {[%emt 0:00:03]} 20. Rhe1 {[%emt 0:00:01]} a5 {[%emt 0:00:01]} 21. Re7 {[%emt 0:00:01]} Nf6 {[%emt 0:00:02]} 22. f3 {[%emt 0:00:03]} a4 {[%emt 0:00:03]} 23. b4 {[%emt 0:00:00]} h5 {[%emt 0:00:05]} 24. Rde1 {[%emt 0:00:01]} h4 {[%emt 0:00:01]} 25. g4 {[%emt 0:00:02]} Kh7 {[%emt 0:00:03]} 26. Rxf7 {[%emt 0:00:01] Praveen prasad resigns (Lag: Av=0.79s, max=1.4s)} 1-0

[Event "178th Stay Safe Play From Home series"]
[Site "T#646379Emanuel Laske"]
[Date "2020.05.27"]
[Round "2"]
[White "BrainThinker22"]
[Black "SoulofWolf"]
[Result "0-1"]
[WhiteElo "2239"]
[BlackElo "2141"]
[Annotator "NA"]
[PlyCount "142"]
[EventDate "2020.05.27"]
[EventType "swiss (blitz)"]

1. e4 {[%emt 0:00:01]} e6 {[%emt 0:00:00]} 2. Nc3 {[%emt 0:00:01]} d5 {[%emt 0:00:00]} 3. d3 {[%emt 0:00:00]} c5 {[%emt 0:00:00]} 4. e5 {[%emt 0:00:00]} Nc6 {[%emt 0:00:01]} 5. f4 {[%emt 0:00:00]} Nge7 {[%emt 0:00:01]} 6. g3 {[%emt 0:00:00]} Ng6 {[%emt 0:00:01]} 7. Bg2 {[%emt 0:00:01]} Be7 {[%emt 0:00:01]} 8. Nge2 {[%emt 0:00:00]} O-O {[%emt 0:00:00]} 9. O-O {[%emt 0:00:00]} Rb8 {[%emt 0:00:00]} 10. h3 {[%emt 0:00:00]} b5 {[%emt 0:00:01]} 11. a3 {[%emt 0:00:00]} a5 {[%emt 0:00:01]} 12. g4 {[%emt 0:00:00]} f5 {[%emt 0:00:02]} 13. exf6 {[%emt 0:00:02]} Bxf6 {[%emt 0:00:01]} 14. Bd2 {[%emt 0:00:00]} Nd4 {[%emt 0:00:01]} 15. g5 {[%emt 0:00:01]} Nxe2+ {[%emt 0:00:01]} 16. Qxe2 {[%emt 0:00:00]} Bd4+ {[%emt 0:00:00]} 17. Kh1 {[%emt 0:00:01]} Ne7 {[%emt 0:00:01]} 18. Rae1 {[%emt 0:00:03]} b4 {[%emt 0:00:01]} 19. axb4 {[%emt 0:00:01]} axb4 {[%emt 0:00:01]} 20. Na4 {[%emt 0:00:00]} Nf5 {[%emt 0:00:00]} 21. Qf3 {[%emt 0:00:01]} c4 {[%emt 0:00:04]} 22. dxc4 {[%emt 0:00:04]} dxc4 {[%emt 0:00:01]} 23. c3 {[%emt 0:00:00]} bxc3 {[%emt 0:00:04]} 24. Bxc3 {[%emt 0:00:01]} Ba7 {[%emt 0:00:01]} 25. Rd1 {[%emt 0:00:05]} Qc7 {[%emt 0:00:01]} 26. Rfe1 {[%emt 0:00:03]} Bb7 {[%emt 0:00:01]} 27. Qg4 {[%emt 0:00:05]} h5 {[%emt 0:00:04]} 28. gxh6 {[%emt 0:00:01]} Nxh6 {[%emt 0:00:01]} 29. Qxe6+ {[%emt 0:00:01]} Kh8 {[%emt 0:00:00]} 30. Bxb7 {[%emt 0:00:01]} Qxb7+ {[%emt 0:00:00]} 31. Qe4 {[%emt 0:00:00]} Qf7 {[%emt 0:00:02]} 32. Rf1 {[%emt 0:00:02]} Rbe8 {[%emt 0:00:01]} 33. Qc6 {[%emt 0:00:01]} Bb8 {[%emt 0:00:01]} 34. Qxh6+ {[%emt 0:00:01]} Kg8 {[%emt 0:00:01]} 35. Qg5 {[%emt 0:00:01]} Re6 {[%emt 0:00:01]} 36. Rg1 {[%emt 0:00:01]} Re7 {[%emt 0:00:04]} 37. Bb4 {[%emt 0:00:04]} Bxf4 {[%emt 0:00:01]} 38. Qg2 {[%emt 0:00:01]} Re3 {[%emt 0:00:02]} 39. Bxf8 {[%emt 0:00:01]} Rg3 {[%emt 0:00:01]} 40. Qxg3 {[%emt 0:00:01]} Bxg3 {[%emt 0:00:00]} 41. Rxg3 {[%emt 0:00:00]} Qxf8 {[%emt 0:00:00]} 42. Rg2 {[%emt 0:00:00]} Qf3 {[%emt 0:00:01]} 43. Rdg1 {[%emt 0:00:00]} Qxh3+ {[%emt 0:00:00]} 44. Rh2 {[%emt 0:00:00]} Qf3+ {[%emt 0:00:00]} 45. Rhg2 {[%emt 0:00:00]} Qh3+ {[%emt 0:00:00]} 46. Rh2 {[%emt 0:00:01]} Qf3+ {[%emt 0:00:00]} 47. Rhg2 {[%emt 0:00:00]} Qh5+ {[%emt 0:00:01]} 48. Rh2 {[%emt 0:00:01]} Qd5+ {[%emt 0:00:00]} 49. Rhg2 {[%emt 0:00:01]} Kf7 {[%emt 0:00:00]} 50. Nc3 {[%emt 0:00:00]} Qh5+ {[%emt 0:00:01]} 51. Rh2 {[%emt 0:00:00]} Qc5 {[%emt 0:00:01]} 52. Rhg2 {[%emt 0:00:00]} Qc6 {[%emt 0:00:01]} 53. Rf1+ {[%emt 0:00:00]} Ke8 {[%emt 0:00:01]} 54. Kg1 {[%emt 0:00:00]} Qh6 {[%emt 0:00:00]} 55. Rgf2 {[%emt 0:00:00]} Qb6 {[%emt 0:00:00]} 56. Re1+ {[%emt 0:00:00]} Kd8 {[%emt 0:00:01]} 57. Kf1 {[%emt 0:00:00]} Kc8 {[%emt 0:00:00]} 58. Rfe2 {[%emt 0:00:00]} Qg6 {[%emt 0:00:00]} 59. Rd1 {[%emt 0:00:00]} Qf6+ {[%emt 0:00:00]} 60. Ke1 {[%emt 0:00:00]} Qg6 {[%emt 0:00:00]} 61. Kd2 {[%emt 0:00:00]} Qh5 {[%emt 0:00:00]} 62. Kc2 {[%emt 0:00:00]} Qh6 {[%emt 0:00:00]} 63. Red2 {[%emt 0:00:00]} g5 {[%emt 0:00:00]} 64. Kc1 {[%emt 0:00:00]} Qg6 {[%emt 0:00:00]} 65. Rd3 {[%emt 0:00:01]} Qh6 {[%emt 0:00:00]} 66. Rd4 {[%emt 0:00:00]} g4+ {[%emt 0:00:00]} 67. Kb1 {[%emt 0:00:01]} Qh5 {[%emt 0:00:00]} 68. Ka2 {[%emt 0:00:00]} Qh7 {[%emt 0:00:00]} 69. Rxc4+ {[%emt 0:00:00]} Kb8 {[%emt 0:00:01]} 70. Rc5 {[%emt 0:00:00]} Qa7+ {[%emt 0:00:00]} 71. Na4 {[%emt 0:00:01]} Qxc5 {[%emt 0:00:00] Time (Lag: Av=0.35s, max=0.7s)} 0-1

[Event "178th Stay Safe Play From Home series"]
[Site "T#646379Emanuel Laske"]
[Date "2020.05.27"]
[Round "2"]
[White "Lamborghini"]
[Black "Haris kollari 13"]
[Result "1-0"]
[WhiteElo "2212"]
[BlackElo "1625"]
[Annotator "NA"]
[PlyCount "65"]
[EventDate "2020.05.27"]
[EventType "swiss (blitz)"]

1. e4 {[%emt 0:00:01]} e6 {[%emt 0:00:00]} 2. d4 {[%emt 0:00:02]} d5 {[%emt 0:00:00]} 3. Nd2 {[%emt 0:00:01]} Nf6 {[%emt 0:00:01]} 4. e5 {[%emt 0:00:01]} Nfd7 {[%emt 0:00:00]} 5. Bd3 {[%emt 0:00:01]} c5 {[%emt 0:00:00]} 6. c3 {[%emt 0:00:01]} Nc6 {[%emt 0:00:00]} 7. Ne2 {[%emt 0:00:02]} c4 {[%emt 0:00:00]} 8. Bc2 {[%emt 0:00:01]} b5 {[%emt 0:00:00]} 9. f4 {[%emt 0:00:01]} Nb6 {[%emt 0:00:01]} 10. Nf3 {[%emt 0:00:03]} Bd7 {[%emt 0:00:01]} 11. O-O {[%emt 0:00:01]} Be7 {[%emt 0:00:01]} 12. Be3 {[%emt 0:00:01]} Qc7 {[%emt 0:00:01]} 13. Qb1 {[%emt 0:00:01]} O-O-O {[%emt 0:00:01]} 14. f5 {[%emt 0:00:01]} Kb7 {[%emt 0:00:02]} 15. b3 {[%emt 0:00:02]} a6 {[%emt 0:00:02]} 16. Nd2 {[%emt 0:00:03]} f6 {[%emt 0:00:03]} 17. bxc4 {[%emt 0:00:02]} dxc4 {[%emt 0:00:04]} 18. exf6 {[%emt 0:00:02]} Bxf6 {[%emt 0:00:02]} 19. Nf4 {[%emt 0:00:02]} exf5 {[%emt 0:00:01]} 20. Bxf5 {[%emt 0:00:01]} Bxf5 {[%emt 0:00:01]} 21. Qxf5 {[%emt 0:00:01]} Rhe8 {[%emt 0:00:01]} 22. Bf2 {[%emt 0:00:04]} h6 {[%emt 0:00:04]} 23. Ne6 {[%emt 0:00:02]} Qc8 {[%emt 0:00:04]} 24. Nxd8+ {[%emt 0:00:02]} Qxd8 {[%emt 0:00:01]} 25. Ne4 {[%emt 0:00:01]} Qe7 {[%emt 0:00:04]} 26. Rae1 {[%emt 0:00:02]} Qa3 {[%emt 0:00:09]} 27. Nc5+ {[%emt 0:00:01]} Qxc5 {[%emt 0:00:08]} 28. Qxc5 {[%emt 0:00:02]} Rxe1 {[%emt 0:00:00]} 29. Rxe1 {[%emt 0:00:02]} Na4 {[%emt 0:00:00]} 30. Qd5 {[%emt 0:00:02]} Nxc3 {[%emt 0:00:01]} 31. Qf7+ {[%emt 0:00:01]} Kb6 {[%emt 0:00:01]} 32. d5+ {[%emt 0:00:00]} Ka5 {[%emt 0:00:04]} 33. dxc6 {[%emt 0:00:01] Time (Lag: Av=0.38s, max=0.6s)} 1-0

[Event "178th Stay Safe Play From Home series"]
[Site "T#646379Emanuel Laske"]
[Date "2020.05.27"]
[Round "2"]
[White "Weltszmerc"]
[Black "Mepe_Nika"]
[Result "0-1"]
[WhiteElo "2068"]
[BlackElo "2289"]
[Annotator "RC"]
[PlyCount "90"]
[EventDate "2020.05.27"]
[EventType "swiss (blitz)"]

1. d4 {[%emt 0:00:02]} Nf6 {[%emt 0:00:02]} 2. c4 {[%emt 0:00:00]} e6 {[%emt 0:00:00]} 3. Nf3 {[%emt 0:00:00]} d5 {[%emt 0:00:01]} 4. g3 {[%emt 0:00:00]} Bb4+ {[%emt 0:00:02]} 5. Bd2 {[%emt 0:00:01]} Bd6 {[%emt 0:00:01]} 6. Bg2 {[%emt 0:00:00]} c6 {[%emt 0:00:01]} 7. O-O {[%emt 0:00:00]} Nbd7 {[%emt 0:00:01]} 8. Qc2 {[%emt 0:00:01]} Ne4 {[%emt 0:00:01]} 9. Bc1 {[%emt 0:00:03]} f5 {[%emt 0:00:01]} 10. Nfd2 {[%emt 0:00:01]} O-O {[%emt 0:00:01]} 11. Nc3 {[%emt 0:00:02]} Qf6 {[%emt 0:00:02]} 12. e3 {[%emt 0:00:01]} g5 {[%emt 0:00:03]} 13. f3 {[%emt 0:00:01]} Nxc3 {[%emt 0:00:02]} 14. bxc3 {[%emt 0:00:01]} h5 {[%emt 0:00:01]} 15. cxd5 {[%emt 0:00:01]} exd5 {[%emt 0:00:01]} 16. c4 {[%emt 0:00:01]} dxc4 {[%emt 0:00:09]} 17. Nxc4 {[%emt 0:00:03]} Bc7 {[%emt 0:00:01]} 18. f4 {[%emt 0:00:00]} g4 {[%emt 0:00:02]} 19. Ne5 {[%emt 0:00:01]} Nxe5 {[%emt 0:00:02]} 20. dxe5 {[%emt 0:00:01]} Qe7 {[%emt 0:00:02]} 21. a4 {[%emt 0:00:01]} Rd8 {[%emt 0:00:02]} 22. Ba3 {[%emt 0:00:01]} Qe8 {[%emt 0:00:01]} 23. Rfd1 {[%emt 0:00:04]} Be6 {[%emt 0:00:00]} 24. Bf1 {[%emt 0:00:03]} h4 {[%emt 0:00:01]} 25. Qb2 {[%emt 0:00:03]} b6 {[%emt 0:00:02]} 26. Rac1 {[%emt 0:00:03]} hxg3 {[%emt 0:00:02]} 27. hxg3 {[%emt 0:00:01]} Kf7 {[%emt 0:00:01]} 28. Bg2 {[%emt 0:00:01]} c5 {[%emt 0:00:02]} 29. Bxa8 {[%emt 0:00:02]} Rxa8 {[%emt 0:00:00]} 30. Qh2 {[%emt 0:00:05]} Qh8 {[%emt 0:00:02]} 31. Qxh8 {[%emt 0:00:01]} Rxh8 {[%emt 0:00:00]} 32. Rc2 {[%emt 0:00:02]} Ke7 {[%emt 0:00:02]} 33. Rh2 {[%emt 0:00:01]} Rxh2 {[%emt 0:00:02]} 34. Kxh2 {[%emt 0:00:00]} Bd7 {[%emt 0:00:00]} 35. a5 {[%emt 0:00:03]} Bc6 {[%emt 0:00:02]} 36. axb6 {[%emt 0:00:00]} axb6 {[%emt 0:00:01]} 37. Rc1 {[%emt 0:00:01]} Ke6 {[%emt 0:00:01]} 38. Kg1 {[%emt 0:00:01]} Be4 {[%emt 0:00:01]} 39. Kf2 {[%emt 0:00:00]} Kd5 {[%emt 0:00:00]} 40. Rd1+ {[%emt 0:00:01]} Kc6 {[%emt 0:00:00]} 41. Bb2 {[%emt 0:00:02]} b5 {[%emt 0:00:00]} 42. e6 {[%emt 0:00:00]} Bd6 {[%emt 0:00:01]} 43. Be5 {[%emt 0:00:00]} Be7 {[%emt 0:00:01]} 44. Bf6 {[%emt 0:00:01]} Bd5 {[%emt 0:00:00]} 45. Bxe7 {[%emt 0:00:02]} Bxe6 {[%emt 0:00:00] Czas partii (Lag: Av=0.72s, max=1.2s)} 0-1